000 00384nam a2200169Ia 4500
003 IT-RoPAU
008 120407s9999 xx 000 0 und d
040 _aIT-RoPAU
040 _cIT-RoPAU
100 _aPaolo VI
245 _aPreghiamo con Paolo VI. Dialoghi e invocazioni a Dio
260 _aPaoline
300 _c cm
490 _v1
700 _aClementina Moro
942 _cBK
999 _c9394
_d9394